[Event "FRA-chT3 North 0304"]
[Site "France"]
[Date "2003.11.16"]
[Round "3.8"]
[White "Trouville, Remi"]
[Black "Lacaille, Emmanuel"]
[Result "1-0"]
[WhiteElo "2064"]
[BlackElo "1820"]
[PlyCount "93"]
[EventDate "2003.11.??"]
[EventType "team"]
[EventRounds "9"]
[EventCountry "FRA"]
[SourceTitle "EXT 2006"]
[Source "ChessBase"]
[SourceDate "2005.11.24"]
[SourceVersion "1"]
[SourceVersionDate "2005.11.24"]
[SourceQuality "1"]
[WhiteTeam "Lille II"]
[BlackTeam "Chauny St Quentin"]
[WhiteTeamCountry "FRA"]
[BlackTeamCountry "FRA"]

1. e4 e5 2. Nf3 Nc6 3. Bb5 a6 4. Ba4 Nf6 5. 0-0 b5 6. Bb3 Bc5 7. Qe2 0-0 8. c3 d6 9. h3 Bb7 10. d3 h6 11. Rd1 Re8 12. Nbd2 Rb8 13. Nf1 Ba7 14. Be3 Bxe3 15. Nxe3 Ne7 16. Nh4 g6 17. Qf3 Kg7 18. Bc2 Neg8 19. g3 Qd7 20. Kh2 Bc8 21. Qg2 Bb7 22. Rf1 Nh5 23. f3 c5 24. Rad1 Qe6 25. Bb3 Qe7 26. Nhf5+ gxf5 27. Nxf5+ Kf8 28. Nxe7 Rxe7 29. f4 exf4 30. g4 Nhf6 31. Rxf4 Nd7 32. Rdf1 f6 33. g5 c4 34. dxc4 hxg5 35. Qxg5 Rg7 36. Qh4 Re8 37. cxb5 d5 38. Bxd5 Bxd5 39. exd5 Re2+ 40. R4f2 Ree7 41. bxa6 Ne5 42. Qb4 Nd3 43. Qb8+ Re8 44. Qd6+ Rge7 45. Rxf6+ Nxf6 46. Qxf6+ Kg8 47. Rg1+ 1-0

[Event "FRA-chT3 North 0304"]
[Site "France"]
[Date "2003.11.15"]
[Round "2.8"]
[White "Lacaille, Emmanuel"]
[Black "Garet, Jacques"]
[Result "1-0"]
[WhiteElo "1820"]
[BlackElo "1858"]
[PlyCount "61"]
[EventDate "2003.11.??"]
[EventType "team"]
[EventRounds "9"]
[EventCountry "FRA"]
[SourceTitle "EXT 2006"]
[Source "ChessBase"]
[SourceDate "2005.11.24"]
[SourceVersion "1"]
[SourceVersionDate "2005.11.24"]
[SourceQuality "1"]
[WhiteTeam "Chauny St Quentin"]
[BlackTeam "Le Touquet"]
[WhiteTeamCountry "FRA"]
[BlackTeamCountry "FRA"]

1. e4 Nf6 2. e5 Nd5 3. d4 d6 4. c4 Nb6 5. exd6 exd6 6. Nc3 Bf5 7. Nf3 Be7 8. Bd3 Qd7 9. 0-0 0-0 10. Qc2 Bxd3 11. Qxd3 Nc6 12. b3 Rae8 13. d5 Nb4 14. Qd2 Bf6 15. Bb2 Re7 16. Rfe1 Rfe8 17. Rad1 Qf5 18. Rxe7 Rxe7 19. Nd4 Qg6 20. Nce2 a5 21. a3 Nc2 22. Kf1 Nxd4 23. Bxd4 Bxd4 24. Nxd4 a4 25. Qb4 axb3 26. Qxb3 Qg4 27. f3 Qd7 28. Rc1 Qa4 29. Qd3 Nd7 30. Nf5 Re8 31. Qc3 1-0